Statistics for Gen 1 Pokemon (Biggest to Smallest)

Click here to take the quiz!

General Stats

  • This quiz has been taken 445 times
  • The average score is 28 of 151

Answer Stats

HintAnswer% Correct
28'10" Rock/GroundOnix
96%
21'04" Water/FlyingGyarados
71%
13'01" DragonDragonair
64%
7'03" Dragon/FlyingDragonite
61%
8'02" Water/IceLapras
58%
11'06 PoisonArbok
55%
6'07" Fire/FlyingMoltres
52%
6'11" NormalSnorlax
46%
5'07" Ice/FlyingArticuno
43%
5'11" DragonDratini
43%
6'07" PsychicMewtwo
42%
5'11" Rock/FlyingAerodactyl
41%
7'03" NormalKangaskhan
41%
6'07" Grass/PsychicExeggutor
40%
6'07" Grass/PoisonVenusaur
40%
5'03" Electric/FlyingZapdos
39%
6'03" FireArcanine
37%
5'07" Water/IceDewgong
37%
6'03" Rock/GroundRhydon
37%
5'07" Fire/FlyingCharizard
35%
5'03" Ghost/PoisonHaunter
35%
5'07" FireRapidash
34%
6'07" PoisonEkans
33%
5'03" FightingMachamp
32%
4'11" Ghost/PoisonGengar
31%
5'07" Grass/PoisonVictreebel
31%
4'11" FightingHitmonlee
30%
5'03" Water/PoisonTentacruel
30%
5'11" Normal/FlyingDodrio
29%
4'07" Ice/PsychicJynx
29%
4'11" FightingMachoke
29%
4'07" FigthingHitmonchan
28%
4'11" Normal/FlyingPidgeot
28%
5'03" Water/PsychicSlowbro
28%
4'11" PsychicAlakazam
27%
5'03" PsychicHypno
27%
5'03" WaterBlastoise
26%
4'11" Water/IceCloyster
26%
5'03" Poison/FlyingGolbat
26%
4'07" Rock/GroundGolem
26%
4'11" Bug/FlyingScyther
26%
4'03" Ghost/PoisonGastly
25%
4'11" BugPinsir
25%
4'03" Water/FightingPoliwrath
25%
0'08" GroundDiglett
24%
4'03" Water/RockKabutops
24%
4'07" Poison/GroundNidoking
24%
4'11" Bug/PoisonVenomoth
24%
1'00" Electric/SteelMagnemite
23%
4'03" FairyClefable
22%
4'03" PsychicKadabra
22%
4'03" Poison/GroundNidoqueen
22%
4'07" Normal/FlyingDoduo
20%
4'03" FireMagmar
20%
4'03" Psychic/FairyMr Mime
20%
3'11" Water/PsychicSlowpoke
20%
3'11" ElectricElectrode
19%
3'07" Water/PsychicStarmie
19%
3'11" Grass/PoisonVileplume
19%
3'07" Bug/FlyingButterfree
18%
3'07" ElectricElectabuzz
18%
5'07" WaterGolduck
18%
3'03" Electric/SteelMagneton
18%
3'07" Normal/FlyingPidgeotto
18%
3'11" Normal/FlyingFearow
17%
3'11" PoisonMuk
16%
3'03" Water/RockOmastar
16%
4'07" NormalTauros
16%
3'11" PoisonWeezing
16%
1'00" BugCaterpie
15%
3'07" FireCharmeleon
15%
1'00" Normal/FlyingPidgey
15%
3'03" Normal/FairyWigglytuff
15%
3'03" Rock/GroundGraveler
14%
1'04" ElectricPikachu
14%
1'00" Bug/PoisonWeedle
14%
3'03" Grass/PoisonWeepinbell
14%
3'03" Rock/GroundRhyhorn
13%
4'03" WaterSeaking
13%
1'00" Normal/FlyingSpearow
13%
3'03" Bug/PoisonBeedrill
12%
3'03" PsychicDrowzee
12%
1'08" Normal/FairyJigglypuff
12%
3'07" FireNinetales
12%
1'00" Bug/GrassParas
12%
3'03" Bug/GrassParasect
12%
3'03" FirePonyta
12%
3'11" WaterSeadra
12%
3'03" GrassTangela
12%
2'11" Water/PoisonTentacool
12%
3'03" Bug/PoisonVenonat
12%
4'03" WaterKingler
11%
3'03" GroundMarowak
11%
2'11" PsychicAbra
10%
2'00" FairyClefairy
10%
2'11" PoisonGrimer
10%
3'03" Grass/PoisonIvysaur
10%
1'04" Water/RockOmanyte
10%
3'03" FightingPrimeape
10%
2'07" ElectricRaichu
10%
2'04" Grass/PoisonBulbasaur
9%
1'04" Grass/PsychicExeggcute
9%
1'04" Rock/GroundGeodude
9%
1'08" Water/RockKabuto
9%
3'11" NormalLickitung
9%
3'03" GroundSandslash
9%
3'07" WaterSeel
9%
2'07" Poison/FlyingZubat
9%
2'04" Grass/PoisonBellsprout
8%
2'00" FireCharmander
8%
2'07" Normal/FlyingFarfetch'd
8%
2'00" Bug/PoisonKakuna
8%
2'07" FightingMachop
8%
1'04" PsychicMew
8%
1'08" Grass/PoisonOddish
8%
1'00" NormalRattata
8%
1'08" ElectricVoltorb
8%
3'07" NormalChansey
7%
1'00" NormalEevee
7%
2'11" FireFlareon
7%
2'07" Grass/PoisonGloom
7%
2'04" BugMetapod
7%
3'03" WaterVaporeon
7%
1'04" GroundCubone
6%
1'00" NormalDitto
6%
2'04" GroundDugtrio
6%
2'04" FireGrowlithe
6%
1'08" FightingMankey
6%
3'03" NormalPersian
6%
3'03" WaterWartortle
6%
2'07" ElectricJolteon
5%
2'07" PoisonNidorina
5%
2'11" PoisonNidorino
5%
3'03" WaterPoliwhirl
5%
1'08" WaterSquirtle
5%
1'04" WaterHorsea
4%
2'00" PoisonKoffing
4%
2'11" WaterMagikarp
4%
2'07" NormalPorygon
4%
2'04" NormalRaticate
4%
2'00" GroundSandshrew
4%
1'00" WaterShellder
4%
2'00" FIreVulpix
4%
2'07" WaterStaryu
3%
2'00" WaterGoldeen
2%
1'04" WaterKrabby
2%
1'04" NormalMeowth
2%
1'08" PoisonNidoran Male
2%
2'07" WaterPsyduck
2%
1'04" PoisonNidoran Female
1%
2'00" WaterPoliwag
1%

Score Distribution

Percentile by Number Answered

Percent of People with Each Score

Your Score History

You have not taken this quiz